UM Logo

Tourist trip motivation in Digos City's nature-based tourism / (Record no. 23419)

MARC details
000 -LEADER
fixed length control field 00654nam a22001697a 4500
005 - DATE AND TIME OF LATEST TRANSACTION
control field 20250213085312.0
008 - FIXED-LENGTH DATA ELEMENTS--GENERAL INFORMATION
fixed length control field 250213b |||||||| |||| 00| 0 eng d
082 ## - DEWEY DECIMAL CLASSIFICATION NUMBER
Edition number 2024
Classification number UT
100 ## - MAIN ENTRY--PERSONAL NAME
Personal name Gama, Erica Mae
9 (RLIN) 65176
245 ## - TITLE STATEMENT
Title Tourist trip motivation in Digos City's nature-based tourism /
Statement of responsibility, etc. Erica Mae Gama, Mohpaul Richard D. Tecson, and Carhein Grace P. Saquilabon
260 ## - PUBLICATION, DISTRIBUTION, ETC. (IMPRINT)
Place of publication, distribution, etc. Digos City :
Name of publisher, distributor, etc. UMDC,
Date of publication, distribution, etc. ©May 2024.
300 ## - PHYSICAL DESCRIPTION
Extent viii, 44 pages :
Other physical details illustration (some colors) ;
Dimensions 29 cm.
500 ## - GENERAL NOTE
General note Includes reference and appendices.
700 ## - ADDED ENTRY--PERSONAL NAME
Personal name Tecson, Mohpaul Richard D.
9 (RLIN) 65177
700 ## - ADDED ENTRY--PERSONAL NAME
Personal name Saquilabon, Carhein Grace P.
9 (RLIN) 65178
942 ## - ADDED ENTRY ELEMENTS (KOHA)
Source of classification or shelving scheme Dewey Decimal Classification
Koha item type Undergraduate Thesis
Holdings
Withdrawn status Lost status Source of classification or shelving scheme Damaged status Not for loan Home library Current library Date acquired Total Checkouts Full call number Date last seen Price effective from Koha item type
    Dewey Decimal Classification     UM Digos College - LIC UM Digos College - LIC 01/22/2025   UT 02/14/2025 02/14/2025 Undergraduate Thesis